Atlantic or Pacific? Quiz Stats

 Plays Quiz Updated Jan 16, 2016

Challenge
Share
Tweet
Embed
Score 0/20 Timer 01:30
8 Plays Today
Island(s) A or P % Correct
Fiji???
93.4%
Barbados???
93.2%
Dominica???
93.1%
Bermuda???
93%
Samoa???
92.4%
St. Lucia???
92.2%
Palau???
91.5%
Grenada???
90.2%
Vanuatu???
90.2%
Tonga???
89.4%
Island(s) A or P % Correct
Kiribati???
89.4%
Tahiti???
85.5%
Cayman Islands???
84.2%
Guam???
82.7%
Martinique???
81.5%
Curaçao???
81.1%
Canary Islands???
80.3%
Galápagos Islands???
77.1%
Guadeloupe???
75.7%
New Caledonia???
73.3%

You're not logged in!

Compare scores with friends on all Sporcle quizzes.
OR
Log In

You Might Also Like...

Show Comments

Extras

Top Quizzes Today


Score Distribution

Your Account Isn't Verified!

In order to create a playlist on Sporcle, you need to verify the email address you used during registration. Go to your Sporcle Settings to finish the process.

Report this User

Report this user for behavior that violates our Community Guidelines.

Details: